Devine la marque / version suède - Statistiques

Statistiques générales
  • Ce quiz a été pris 242 fois
  • Le résultat moyen est 8 sur 9
Statistiques - réponses
Hint Réponse % Correct
🍬🍭💥 Candy crush
97%
🛶 Raft
96%
🐐😂💥 Goat Simulator
95%
🟩⛏️ Minecraft
93%
🟩🎵 Spotify
93%
👨‍🚀🔪🚀 Among us
91%
🟨🟦 Ikea
90%
🚗🤚🟩 Skoda
87%
🟥&⬜ HM
68%
Aucun quiz correspondant
Distribution des résultats
% des personnes avec chaque résultat
Percentile par nombre de réponses
Votre historique - résultats
Vous n’avez pas pris ce quiz